000 00296nam a22001337a 4500
008 171006b xxu||||| |||| 00| 0 eng d
020 _a9780673996350
041 _aeng
080 _22ND
_a159.9
100 _a49
101 _aPSI
245 _aABNORMAL PSYCHOLOGY
_cHOLMES.D.S
942 _2udc
_cBK
999 _c32201
_d32201